书目信息 |
| 题名: |
内燃机科技
|
|
| 作者: | ;中国内燃机学会 编 | |
| 分册: | 上册 | |
| 出版信息: | 上海 上海大学出版社 2018.11 |
|
| 页数: | 875页 | |
| 开本: | 29cm | |
| 丛书名: | ||
| 单 册: | ||
| 中图分类: | TK4-53 | |
| 科图分类: | ||
| 主题词: | 内燃机--nei ran ji--文集 | |
| 电子资源: | ||
| ISBN: | 978-7-5671-3273-3 | |
| 000 | 01170nam0 2200289 450 | |
| 001 | 202019133140 | |
| 005 | 20190921113344.0 | |
| 010 | @a978-7-5671-3273-3@dCNY260.00 | |
| 100 | @a20190916d2018 em y0chiy50 ea | |
| 101 | 0 | @achi |
| 102 | @aCN@b310000 | |
| 105 | @aak a 000yy | |
| 106 | @ar | |
| 200 | 1 | @a内燃机科技@Anei ran ji ke ji@e2018年世界内燃机大会学术交流论文集@h上册@f中国内燃机学会编 |
| 210 | @a上海@c上海大学出版社@d2018.11 | |
| 215 | @a875页@c图@d29cm | |
| 312 | @a英文题名取自封面 | |
| 320 | @a有书目 | |
| 330 | @a本书为2018年世界内燃机大会学术交流论文集, 共收论文398篇, 内容涉及高效清洁燃烧 ; 排放与后处理 ; 燃料与润滑油 ; 设计、制造、材料与可靠性 ; 测试、燃油喷射、高效增压和绿色智能船舶动力等。 | |
| 510 | 1 | @aChinese society for internal combustion engines@zeng |
| 517 | 1 | @a2018年世界内燃机大会学术交流论文集@A2018 nian shi jie nei ran ji da hui xue shu jiao liu lun wen ji |
| 606 | 0 | @a内燃机@Anei ran ji@j文集 |
| 690 | @aTK4-53@v5 | |
| 711 | 02 | @a中国内燃机学会@Azhong guo nei ran ji xue hui@4编 |
| 801 | 0 | @aCN@c20190905 |
| 804 | @a上册, 875 ; 中册, 879-1522 ; 下册, 1525-2286 | |
| 905 | @a河南城建学院图书馆@dTK4-53@eZ598:1 | |
| 内燃机科技:2018年世界内燃机大会学术交流论文集.上册/中国内燃机学会编.-上海:上海大学出版社,2018.11 |
| 875页:图;29cm |
| ISBN 978-7-5671-3273-3:CNY260.00 |
| 本书为2018年世界内燃机大会学术交流论文集, 共收论文398篇, 内容涉及高效清洁燃烧 ; 排放与后处理 ; 燃料与润滑油 ; 设计、制造、材料与可靠性 ; 测试、燃油喷射、高效增压和绿色智能船舶动力等。 |
| ● |
| 相关链接 |
|
|
|
正题名:内燃机科技
索取号:TK4-53/Z598:1
 
预约/预借
| 序号 | 登录号 | 条形码 | 馆藏地/架位号 | 状态 | 备注 |
| 1 | 1440148 | 214401486 | 自科库501/501自科库 135排5列1层/ [索取号:TK4-53/Z598:1] | 在馆 |